000 01353cam a2200313 4500
001 E130732
002 9145
008 050826n2005 000 0 eng u
020 _a1904388418
035 _a(Sirsi) u130732
041 _aeng
050 _a333.332
_c18
100 _aBrunsdon, Mark
245 _aValuation of commercial property for secured lending: a CPD study pack
250 _a3rd
260 _aReading
_bCollege of Estate Management
_c2005
300 _a42p. ; 30cm.
350 _a36.00
520 _aSummarises the requirements of the RICS Appraisal and Valuation Standards (the 'Red Book') 5th Edition concerning the valuation of commercial property for secured lending. It sets out the context and requirements on the valuer, and gives an insight to the key requirements of the lender, insofar as valuation advice is concerned. It also summarises different valuation methodology and their application. No audio programme is provided.
520 _aSupersedes 2nd ed 2003 (ISBN 1904388078)
590 _aIKA270905
650 _aPROPERTY-COMMERCIAL PROPERTY
650 2 4 _aRICS appraisal and valuation standards
650 _aREPORTING REQUIREMENTS
650 _aSECURED LENDING
690 _aBUILT ENVIRONMENT-QUANTITY SURVEYING-CONSTRUCTION VALUATION
710 _aCollege of Estate Management
_9400
942 _n0
999 _c104545
_d104545